| 000 | 00457nam a2200193Ia 4500 | ||
|---|---|---|---|
| 005 | 20240823044027.0 | ||
| 008 | 240823s9999||||xx |||||||||||||| ||und|| | ||
| 020 | _a81-219-0316-5 | ||
| 041 | _aENGLISH | ||
| 082 | _A331.914 M8 | ||
| 100 | _aPylee M V et al. | ||
| 245 | 0 | _aManagerial Economics | |
| 250 | _a2nd | ||
| 260 |
_c1988 _bS Chand & Co |
||
| 500 | _aTRANSFERED | ||
| 650 |
_aEconomics _bManagement Studies |
||
| 942 | _cBK | ||
| 999 |
_c211595 _d211595 |
||